| 000 | 00713nam a2200217Ii 4500 | ||
|---|---|---|---|
| 003 | JO-AjNU | ||
| 008 | 230605s9999||||xx |||||||||||||| ||und|| | ||
| 017 | _a2009/1/36 | ||
| 040 |
_aJO-AjNU _bara _erda _cJO-AjNU |
||
| 041 | _aara | ||
| 050 | 1 | 4 | _aZ52.5.M52.G43 2009 |
| 100 | 3 |
_aغانم، محمد محمود محمد , _eauthor _927793 |
|
| 245 | 0 | 0 | _aالمهارات التقدمة باستخدام word 2007 |
| 250 | _aط1 | ||
| 264 | 3 | 1 | _aعمان: دار الوراق للنشر ،2009 |
| 300 | _a322ص | ||
| 336 |
_atext _btxt _2rdacontent |
||
| 337 |
_aunmediated _bn _2rdamedia |
||
| 338 |
_avolume _bnc _2rdacarrier |
||
| 650 | 4 |
_aبرامج الحواسيب-الحواسي-الحوسبة _927794 |
|
| 999 |
_aA10703 _c14271 _d14271 |
||